ბათუმის შოთა რუსთაველის სახელმწიფო უნივერსიტეტის ბიბლიოთეკა

ინგლისურ-ქართული ლექსიკონი = English-Georgian dictionary. რვეული 4 : (ბიბ.ჩანაწერი № 36608)

000 -ლიდერი
ფიქსირებული სიგრძის საკონტროლო ველი 01131nam a2200229Ia 4500
001 - საკონტროლო ნომერი
საკონტროლო ველი 2528
003 - საკონტროლო ნომრის იდენტიფიკატორი
საკონტროლო ველი GE_BSU
005 - ბოლო ოპერაციის თარიღი და დრო
საკონტროლო ველი 20230831160053.0
008 - ფიქსირებული სიგრძის მონაცემთა ელემენტები - ზოგადი ინფორმაცია
ფიქსირებული სიგრძის საკონტროლო ველი 181216s1996||||ge |||||||||||||| ||geo||
040 ## - კატალოგიზაციის წყარო
Transcribing agency GE_BSU
041 ## - ენის კოდი
Language code of text/sound track or separate title geo
080 ## - უნივერსალური ათობითი კლასიფიკაციის ინდექსი
Universal Decimal Classification number 811.111(038)+811.353.1(038) ი–54
245 ## - ცნობა სათაურის შესახებ
Title ინგლისურ-ქართული ლექსიკონი = English-Georgian dictionary. რვეული 4 :
Remainder of title D /
Statement of responsibility, etc [მთ. რედ.: არიანე ჭანტურია, თინათინ მარგალიტაძე ; შემდგ.: ნ. ძოწენიძე, გ. მელაძე, დ. ჭილაია და სხვ.].
264 ## - წარმოების, გამოცემის, დისტრიბუციის და სხვა ცნობები
გამოცემის, წარმოების, დისტრიბუციის... ადგილი თბილისი,
გამოცემის, წარმოების, დისტრიბუციის... თარიღი 1996.
300 ## - ფიზიკური აღწერა
Extent 175 გვ.
Other physical details 28 სმ.
653 ## - INDEX TERM--UNCONTROLLED
Uncontrolled term ინგლისურ-ქართული ლექსიკონი
700 ## - ADDED ENTRY--PERSONAL NAME
Personal name ჭანტურია, არიანე
Relator term რედაქტორი
9 (RLIN) 5156
700 ## - ADDED ENTRY--PERSONAL NAME
Personal name ძოწენიძე, ნ.
Relator term შემდგენელი
9 (RLIN) 16536
710 ## - ADDED ENTRY--CORPORATE NAME
Corporate name or jurisdiction name as entry element თბილისის უნ-ტი.
9 (RLIN) 19736
942 ## - ADDED ENTRY ELEMENTS (KOHA)
Koha item type წიგნი
Source of classification or shelving scheme
ეგზემპლარები
ჩამოწერის სტატუსი დაკარგული ეგზემპლარის სტატუსი კლასიფიკაციის წყარო ან თაროზე გაწყობის სქემა დაზიანების სტატუსი არ გაიცემა მუდმივი მდებარეობა (დაცვის ადგილი) ამჟამინდელი ადგილსამყოფელი თაროზე განთავსების ადგილი შეძენის თარიღი ღირებულება, შესყიდვის ნორმალური ფასი სრული შენახვის შიფრი შტრიხკოდი ბოლო ოპერაციის თარიღი ეგზემპლარის მიმდევრობითი ნომერი (კეტერი?) ფასის ძალაში შესვლის თარიღი ეგზემპლარის სახეობა საჯარო შენიშვნა
          ბათუმის შოთა რუსთაველის სახელმწიფო უნივერსიტეტის მთავარი ბიბლიოთეკა ბათუმის შოთა რუსთაველის სახელმწიფო უნივერსიტეტის მთავარი ბიბლიოთეკა წიგნსაცავი 2018-12-17 12.00 811.111(038)+811.353.1(038) ი–54 3507 2018-12-17 3507 2018-12-17 წიგნი 12 ლ.